ANATOMY OF SEED PLANTS 2ND ED (Record no. 1221257)

MARC details
000 -LEADER
fixed length control field 00355nam a22001337a 4500
008 - FIXED-LENGTH DATA ELEMENTS--GENERAL INFORMATION
fixed length control field 260513b |||||||| |||| 00| 0 eng d
041 ## - LANGUAGE CODE
Source of code ENG
100 ## - MAIN ENTRY--PERSONAL NAME
Personal name KATHERINE ESAU
245 ## - TITLE STATEMENT
Title ANATOMY OF SEED PLANTS 2ND ED
250 ## - EDITION STATEMENT
Edition statement 1977
260 ## - PUBLICATION, DISTRIBUTION, ETC. (IMPRINT)
Place of publication, distribution, etc LIBRARY OF CONGRESS CATALOGING IN PUBLICATION
Name of publisher, distributor, etc BEST BOOKS
Date of publication, distribution, etc 12/2/26
300 ## - PHYSICAL DESCRIPTION
Extent B/6482
942 ## - ADDED ENTRY ELEMENTS (KOHA)
Item type Book

No items available.